000 00469nam a22001697a 4500
005 20251108170752.0
008 250721s2000 xx 000 0 ara d
082 1 4 _a811.9567/مقا
100 1 _aالمقالح، عبد العزيز
245 1 0 _aكتاب القرية :
_bشعر /
264 1 _aبيروت :
_bرياض الريس،
_c2000.
300 _a322ص
650 1 7 _aالشعر العربي
650 1 7 _aاليمن
942 _2ddc
_cBK
999 _c48552
_d48552